Directorio regional de cooperativas: organismos de integración y cooperativas 1989-1990 /
Uloženo v:
| Korporace: | , |
|---|---|
| Médium: | Text |
| Vydáno: |
San José:
Confederación de Cooperativas del Caribe y Centro América
|
| Témata: | |
| Tagy: |
Přidat tag
Žádné tagy, Buďte první, kdo vytvoří štítek k tomuto záznamu!
|
MARC
| LEADER | 00000 a a2200000 04500 | ||
|---|---|---|---|
| 001 | 37697 | ||
| 003 | |||
| 040 | |||
| 020 | |a 9977-82-001-5 | ||
| 090 | |a REF1007 D598d | ||
| 110 | |a Centro de Documentación e Información de la Confederación de Cooperativas del Caribe y Centro América | ||
| 245 | |a Directorio regional de cooperativas: organismos de integración y cooperativas 1989-1990 / |c Centro de Documentación e Información de la Confederación de Cooperativas del Caribe y Centro América | ||
| 260 | |a San José: |b Confederación de Cooperativas del Caribe y Centro América | ||
| 300 | |a 169 p. |b il. | ||
| 650 | |a INFORMACION | ||
| 650 | |a PROMOCION DE COMERCIO | ||
| 650 | |a COOPERATIVAS | ||
| 650 | |a SERVICIOS | ||
| 650 | |a ARTESANIA | ||
| 650 | |a AHORROS | ||
| 650 | |a COOPERATIVAS DE CREDITO | ||
| 650 | |a COOPERATIVAS DE CONSUMO | ||
| 650 | |a COOPERATIVAS DE PRODUCCION | ||
| 650 | |a INVERSIONES | ||
| 650 | |a LATINOAMERICA | ||
| 710 | |a CCC-CA | ||
| 999 | |c 1212 |d 1212 | ||



